| 000 | 00647nam a22002297a 4500 | ||
|---|---|---|---|
| 003 | URS | ||
| 005 | 20251022142527.0 | ||
| 008 | 251006b ||||| |||| 00| 0 eng d | ||
| 020 | _a978-621-40-302-1 | ||
| 040 | _cURS | ||
| 050 |
_aG155 _b.A1.D6119 2025 |
||
| 100 | 1 | _aDisimulacion, Maria Arlene T. | |
| 245 | _aMicro Perspective of Tourism and Hospitality | ||
| 264 |
_aMandaluyong City _bBooks Atbp. Publishing Corp. _c©2025 |
||
| 300 |
_a313 pages.,: _c25 cm. |
||
| 336 |
_2rdacontent _atext |
||
| 337 |
_2rdamedia _aunmediated |
||
| 338 |
_2rdacarrier _avolume |
||
| 650 | 0 | _aTourism | |
| 650 | 0 | _aHospitality industry | |
| 942 |
_2lcc _cF |
||
| 999 |
_c88213 _d88210 |
||